[Event "DEM U16w 2025"]
[Site "Willingen GER"]
[Date "2025.06.09"]
[Round "3"]
[White "Kopylov, Diana"]
[Black "Schulten, Namita"]
[Result "1-0"]
[Termination "normal"]
[Board "6"]
[WhiteElo "1890"]
[BlackElo "1696"]
[WhiteClock "00:22:08"]
[BlackClock "01:29:08"]
[PlyCount "129"]
[WhiteFideId "16268865"]
[BlackFideId "34663568"]
[EventCountry "GER"]
[EventRounds "9"]
[EventType "swiss"]
[EventDate "2025.06.07"]

1. e4 {[%clk 01:30:57]} e5 {[%clk 01:30:56]} 2. Nf3 {[%clk 01:31:23]} Nc6
{[%clk 01:31:21]} 3. Nc3 {[%clk 01:31:49]} Nf6 {[%clk 01:31:34]} 4. d4 {[%clk
01:32:14]} exd4 {[%clk 01:31:53]} 5. Nxd4 {[%clk 01:32:39]} Nxe4 6. Nxe4 {[%clk
01:31:18]} Qe7 {[%clk 01:32:04]} 7. f3 {[%clk 01:25:51]} {[%emt 00:00:20]} d5
{[%clk 01:32:01]} 8. Nxc6 {[%clk 01:24:43]} {[%emt 00:01:32]} bxc6 {[%clk
01:31:55]} {[%emt 00:00:35]} 9. Bd3 {[%clk 01:23:53]} {[%emt 00:01:21]} dxe4
{[%clk 01:32:17]} {[%emt 00:00:09]} 10. fxe4 {[%clk 01:24:07]} {[%emt
00:00:16]} Bb7 {[%clk 01:30:14]} {[%emt 00:02:32]} 11. O-O {[%clk 01:22:13]}
{[%emt 00:02:24]} Qc5+ {[%clk 01:29:30]} {[%emt 00:01:15]} 12. Kh1 {[%clk
01:21:59]} {[%emt 00:00:43]} Bd6 {[%clk 01:29:01]} {[%emt 00:01:26]} 13. Qf3
{[%clk 01:20:00]} {[%emt 00:02:03]} O-O {[%clk 01:27:29]} {[%emt 00:02:00]} 14.
Be3 {[%clk 01:12:21]} {[%emt 00:08:10]} Qe5 {[%clk 01:26:39]} {[%emt 00:01:19]}
15. Bf4 {[%clk 01:09:32]} {[%emt 00:03:20]} Qxf4 {[%clk 01:24:23]} {[%emt
00:02:46]} 16. Qxf4 {[%clk 01:09:53]} {[%emt 00:00:08]} Bxf4 {[%clk 01:24:48]}
{[%emt 00:00:06]} 17. Rxf4 {[%clk 01:10:04]} {[%emt 00:00:20]} Rae8 {[%clk
01:24:01]} {[%emt 00:01:16]} 18. Raf1 {[%clk 01:04:24]} {[%emt 00:06:11]} g5
{[%clk 01:21:45]} {[%emt 00:02:45]} 19. Rf5 {[%clk 01:02:17]} {[%emt 00:02:37]}
h6 {[%clk 01:22:05]} {[%emt 00:00:10]} 20. Bc4 {[%clk 01:00:17]} {[%emt
00:02:31]} Re7 {[%clk 01:15:45]} {[%emt 00:06:50]} 21. Kg1 {[%clk 00:57:53]}
{[%emt 00:02:54]} Kg7 {[%clk 01:14:39]} {[%emt 00:01:36]} 22. e5 {[%clk
00:55:58]} {[%emt 00:02:26]} Bc8 {[%clk 01:11:13]} {[%emt 00:03:55]} 23. Rf6
{[%clk 00:54:09]} {[%emt 00:02:18]} Bd7 {[%clk 01:11:29]} {[%emt 00:00:14]} 24.
R1f3 {[%clk 00:50:30]} {[%emt 00:04:08]} Be8 {[%clk 01:05:58]} {[%emt
00:06:03]} 25. e6 {[%clk 00:48:39]} {[%emt 00:02:21]} c5 {[%clk 01:02:38]}
{[%emt 00:03:49]} 26. Kf2 {[%clk 00:43:45]} {[%emt 00:05:24]} Bc6 {[%clk
01:01:56]} {[%emt 00:01:12]} 27. Rxf7+ {[%clk 00:43:13]} {[%emt 00:01:02]}
Rfxf7 {[%clk 01:02:18]} {[%emt 00:00:09]} 28. Rxf7+ {[%clk 00:43:34]} {[%emt
00:00:09]} Rxf7+ {[%clk 01:02:42]} {[%emt 00:00:06]} 29. exf7 {[%clk 00:43:56]}
{[%emt 00:00:07]} Be4 {[%clk 01:02:47]} {[%emt 00:00:24]} 30. c3 {[%clk
00:42:57]} {[%emt 00:01:30]} Bg6 {[%clk 01:03:10]} {[%emt 00:00:08]} 31. Ke3
{[%clk 00:42:52]} {[%emt 00:00:34]} Bxf7 {[%clk 01:03:30]} {[%emt 00:00:11]}
32. Bxf7 {[%clk 00:43:00]} {[%emt 00:00:22]} Kxf7 {[%clk 01:03:55]} {[%emt
00:00:04]} 33. Ke4 {[%clk 00:42:47]} {[%emt 00:00:43]} Ke6 {[%clk 01:04:19]}
{[%emt 00:00:05]} 34. g4 {[%clk 00:41:22]} {[%emt 00:01:56]} a5 {[%clk
01:04:35]} {[%emt 00:00:15]} 35. h3 {[%clk 00:39:17]} {[%emt 00:02:34]} a4
{[%clk 01:04:33]} {[%emt 00:00:33]} 36. b3 {[%clk 00:31:45]} {[%emt 00:08:01]}
axb3 {[%clk 01:03:23]} {[%emt 00:01:40]} 37. axb3 {[%clk 00:32:00]} {[%emt
00:00:15]} c6 {[%clk 01:03:20]} {[%emt 00:00:33]} 38. b4 {[%clk 00:29:24]}
{[%emt 00:03:07]} Kd6 {[%clk 01:03:15]} {[%emt 00:00:33]} 39. Kf5 {[%clk
00:17:55]} {[%emt 00:12:00]} cxb4 {[%clk 01:02:12]} {[%emt 00:01:33]} 40. cxb4
{[%clk 00:15:38]} {[%emt 00:02:48]} Kd5 {[%clk 01:02:36]} {[%emt 00:00:06]} 41.
Kg6 {[%clk 00:15:37]} {[%emt 00:00:31]} Kc4 {[%clk 01:03:01]} {[%emt 00:00:05]}
42. Kxh6 {[%clk 00:15:47]} {[%emt 00:00:19]} Kxb4 {[%clk 01:03:27]} {[%emt
00:00:05]} 43. Kxg5 {[%clk 00:15:32]} {[%emt 00:00:45]} c5 {[%clk 01:03:51]}
{[%emt 00:00:05]} 44. Kh5 {[%clk 00:13:43]} {[%emt 00:02:19]} c4 {[%clk
01:03:54]} {[%emt 00:00:28]} 45. g5 {[%clk 00:13:56]} {[%emt 00:00:16]} c3
{[%clk 01:04:19]} {[%emt 00:00:05]} 46. g6 {[%clk 00:14:12]} {[%emt 00:00:14]}
c2 {[%clk 01:04:46]} {[%emt 00:00:04]} 47. g7 {[%clk 00:14:25]} {[%emt
00:00:16]} c1=Q {[%clk 01:05:09]} {[%emt 00:00:07]} 48. g8=Q {[%clk 00:14:28]}
{[%emt 00:00:26]} Qf1 {[%clk 01:02:16]} {[%emt 00:03:23]} 49. Qg4+ {[%clk
00:12:16]} {[%emt 00:02:43]} Kc5 {[%clk 01:02:07]} {[%emt 00:00:39]} 50. h4
{[%clk 00:11:20]} {[%emt 00:01:25]} Qf7 {[%clk 01:01:51]} {[%emt 00:00:47]} 51.
Qg6 {[%clk 00:10:03]} {[%emt 00:01:46]} Qf3 {[%clk 01:02:12]} {[%emt 00:00:09]}
52. Kh6 {[%clk 00:09:02]} {[%emt 00:01:31]} Qf8+ {[%clk 01:02:21]} {[%emt
00:00:21]} 53. Kg5 {[%clk 00:08:10]} {[%emt 00:01:23]} Qd8 {[%clk 01:02:24]}
{[%emt 00:00:27]} 54. Qf6 {[%clk 00:06:29]} {[%emt 00:02:11]} Qg8 {[%clk
01:02:36]} {[%emt 00:00:18]} 55. Kh6 {[%clk 00:05:59]} {[%emt 00:00:59]} Qe8
{[%clk 01:01:14]} {[%emt 00:01:52]} 56. h5 {[%clk 00:04:30]} {[%emt 00:02:00]}
Kd5 {[%clk 01:00:38]} {[%emt 00:01:07]} 57. Qg5+ {[%clk 00:28:48]} {[%emt
00:06:11]} Kd4 {[%clk 01:31:02]} {[%emt 00:00:07]} 58. Qg7+ {[%clk 00:27:40]}
{[%emt 00:01:37]} Kd5 {[%clk 01:30:54]} {[%emt 00:00:38]} 59. Qg2+ {[%clk
00:27:08]} {[%emt 00:01:02]} Kc5 {[%clk 01:30:58]} {[%emt 00:00:26]} 60. Qc2+
{[%clk 00:26:50]} {[%emt 00:00:48]} Kd5 {[%clk 01:31:10]} {[%emt 00:00:18]} 61.
Qf5+ {[%clk 00:26:30]} {[%emt 00:00:50]} Kd4 {[%clk 01:31:01]} {[%emt
00:00:40]} 62. Kg7 {[%clk 00:23:52]} {[%emt 00:03:06]} Qe7+ {[%clk 01:30:54]}
{[%emt 00:00:38]} 63. Qf7 {[%clk 00:23:48]} {[%emt 00:00:34]} Qg5+ {[%clk
01:31:06]} {[%emt 00:00:18]} 64. Kh7 {[%clk 00:23:53]} {[%emt 00:00:25]} Qe5
{[%clk 01:29:08]} {[%emt 00:02:28]} 65. Qg7 {[%clk 00:22:08]} {[%emt 00:02:16]}
1-0

[Event "DEM U16w 2025"]
[Site "Willingen GER"]
[Date "2025.06.09"]
[Round "3"]
[White "Moldovan, Stela"]
[Black "Vogt, Luna"]
[Result "0-1"]
[Termination "normal"]
[Board "7"]
[WhiteElo "1711"]
[BlackElo "1773"]
[WhiteClock "00:23:16"]
[BlackClock "00:14:59"]
[PlyCount "112"]
[WhiteFideId "16287380"]
[BlackFideId "34607153"]
[EventCountry "GER"]
[EventRounds "9"]
[EventType "swiss"]
[EventDate "2025.06.07"]

1. d4 {[%clk 01:30:37]} Nf6 {[%clk 01:30:52]} 2. Nf3 {[%clk 01:30:41]} e6
{[%clk 01:31:13]} 3. e3 {[%clk 01:30:45]} d5 {[%clk 01:31:29]} 4. Bd3 {[%clk
01:29:07]} c5 {[%clk 01:31:35]} 5. b3 {[%clk 01:29:13]} Nc6 {[%clk 01:30:16]}
6. O-O {[%clk 01:23:27]} {[%emt 00:02:34]} Qc7 {[%clk 01:28:53]} {[%emt
00:01:52]} 7. a3 {[%clk 01:21:34]} {[%emt 00:02:24]} cxd4 {[%clk 01:26:06]}
{[%emt 00:03:17]} 8. exd4 {[%clk 01:20:55]} {[%emt 00:01:09]} g6 {[%clk
01:23:54]} {[%emt 00:02:42]} 9. Bb2 {[%clk 01:18:34]} {[%emt 00:02:51]} Bg7
{[%clk 01:24:07]} {[%emt 00:00:17]} 10. Nbd2 {[%clk 01:16:51]} {[%emt
00:02:14]} O-O {[%clk 01:22:26]} {[%emt 00:02:12]} 11. Ne5 {[%clk 01:12:37]}
{[%emt 00:04:43]} Nd7 {[%clk 01:18:21]} {[%emt 00:04:35]} 12. f4 {[%clk
01:07:05]} {[%emt 00:06:03]} Qb6 {[%clk 01:16:25]} {[%emt 00:02:26]} 13. Nxc6
{[%clk 01:06:37]} {[%emt 00:00:57]} bxc6 {[%clk 01:16:38]} {[%emt 00:00:16]}
14. Nf3 {[%clk 01:06:25]} {[%emt 00:00:43]} c5 {[%clk 01:10:59]} {[%emt
00:06:09]} 15. Be2 {[%clk 01:05:23]} {[%emt 00:01:32]} c4 {[%clk 01:03:16]}
{[%emt 00:08:14]} 16. Rb1 {[%clk 01:01:34]} {[%emt 00:04:19]} cxb3 {[%clk
00:59:34]} {[%emt 00:04:12]} 17. cxb3 {[%clk 00:58:56]} {[%emt 00:03:08]} a5
{[%clk 00:53:12]} {[%emt 00:06:51]} 18. a4 {[%clk 00:51:01]} {[%emt 00:08:25]}
Ba6 {[%clk 00:51:51]} {[%emt 00:01:50]} 19. Bxa6 {[%clk 00:45:56]} {[%emt
00:05:36]} Rxa6 {[%clk 00:52:13]} {[%emt 00:00:08]} 20. Kh1 {[%clk 00:43:52]}
{[%emt 00:02:35]} Qb4 {[%emt 00:11:25]} 21. Qd3 {[%clk 00:35:46]} {[%emt
00:07:20]} Rc6 {[%clk 00:40:44]} {[%emt 00:02:20]} 22. Rbc1 {[%clk 00:31:14]}
{[%emt 00:05:00]} Rfc8 {[%clk 00:33:28]} {[%emt 00:07:47]} 23. Rxc6 {[%clk
00:29:25]} {[%emt 00:02:20]} Rxc6 {[%clk 00:33:44]} {[%emt 00:00:13]} 24. Rc1
{[%clk 00:28:43]} {[%emt 00:01:12]} Rb6 {[%emt 00:11:57]} 25. Nd2 {[%clk
00:27:04]} {[%emt 00:01:39]} Qd6 {[%clk 00:16:27]} {[%emt 00:06:50]} 26. g3
{[%clk 00:25:59]} {[%emt 00:01:35]} Nf6 {[%clk 00:15:53]} {[%emt 00:01:04]} 27.
Rc8+ {[%clk 00:20:03]} {[%emt 00:06:26]} Bf8 {[%clk 00:16:14]} {[%emt
00:00:09]} 28. Qc3 {[%clk 00:18:39]} {[%emt 00:01:54]} Ra6 {[%clk 00:11:13]}
{[%emt 00:05:31]} 29. Qc5 {[%clk 00:16:16]} {[%emt 00:02:52]} Kg7 {[%emt
00:03:48]} 30. Bc3 Ng4 {[%clk 00:08:40]} {[%emt 00:01:47]} 31. Kg2 {[%clk
00:09:26]} Be7 {[%emt 00:08:08]} 32. Bb2 {[%clk 00:07:07]} Ne3+ {[%clk
00:06:50]} {[%emt 00:03:20]} 33. Kf3 {[%clk 00:07:24]} {[%emt 00:00:11]} Nf5
{[%clk 00:07:08]} {[%emt 00:00:14]} 34. g4 {[%clk 00:06:17]} {[%emt 00:01:37]}
Qd7 {[%clk 00:07:00]} {[%emt 00:00:37]} 35. Qc7 {[%clk 00:04:57]} {[%emt
00:01:48]} Qxc7 {[%clk 00:05:22]} {[%emt 00:02:12]} 36. Rxc7 {[%clk 00:05:20]}
{[%emt 00:00:07]} Bd6 {[%clk 00:05:26]} {[%emt 00:00:24]} 37. Rd7 {[%clk
00:04:42]} {[%emt 00:01:06]} Nh4+ {[%clk 00:04:55]} {[%emt 00:01:04]} 38. Ke2
{[%clk 00:00:51]} {[%emt 00:04:20]} Bxf4 {[%emt 00:02:27]} 39. Nf1 Rc6 {[%clk
00:03:27]} {[%emt 00:00:41]} 40. Kd3 {[%clk 00:00:45]} {[%emt 00:00:27]} Nf3
{[%clk 00:01:17]} {[%emt 00:02:41]} 41. Bc3 {[%clk 00:29:32]} {[%emt 00:01:41]}
Bc7 {[%clk 00:30:36]} {[%emt 00:01:11]} 42. h3 {[%clk 00:28:39]} {[%emt
00:01:23]} Kf8 {[%clk 00:29:33]} {[%emt 00:01:33]} 43. Rxc7 {[%clk 00:27:22]}
{[%emt 00:01:48]} Rxc7 {[%clk 00:29:50]} {[%emt 00:00:13]} 44. Bxa5 {[%clk
00:27:50]} {[%emt 00:00:03]} Rc1 {[%clk 00:25:39]} {[%emt 00:04:40]} 45. Ng3
{[%clk 00:27:20]} {[%emt 00:00:59]} Ke8 {[%clk 00:22:18]} {[%emt 00:03:51]} 46.
Bb6 {[%clk 00:26:01]} {[%emt 00:01:47]} Kd7 {[%clk 00:21:06]} {[%emt 00:01:45]}
47. b4 {[%clk 00:26:06]} {[%emt 00:00:24]} Kc6 {[%clk 00:19:05]} {[%emt
00:02:32]} 48. Bc5 {[%clk 00:25:56]} {[%emt 00:00:39]} Kc7 {[%clk 00:17:45]}
49. Ke3 {[%clk 00:25:38]} {[%emt 00:02:34]} Rc3+ {[%clk 00:16:45]} 50. Kf2
{[%clk 00:23:16]} {[%emt 00:03:45]} Nd2 51. Kg1 {[%clk 00:23:16]} Nb3 52. Be7
{[%clk 00:23:16]} Nxd4 {[%clk 00:14:59]} 53. b5 {[%clk 00:23:16]} Rc4 {[%clk
00:14:59]} 54. a5 {[%clk 00:23:16]} Nxb5 {[%clk 00:14:59]} 55. Kf2 {[%clk
00:23:16]} Nd4 {[%clk 00:14:59]} 56. Ke3 {[%clk 00:23:16]} Nc6 {[%clk
00:14:59]} 0-1

[Event "DEM U16w 2025"]
[Site "Willingen GER"]
[Date "2025.06.09"]
[Round "3"]
[White "Preißler, Viktoria"]
[Black "Halas, Neele Zoe"]
[Result "0-1"]
[Termination "normal"]
[Board "8"]
[WhiteElo "1828"]
[BlackElo "1804"]
[WhiteClock "00:05:23"]
[BlackClock "00:10:13"]
[PlyCount "136"]
[WhiteFideId "34693360"]
[BlackFideId "16287282"]
[EventCountry "GER"]
[EventRounds "9"]
[EventType "swiss"]
[EventDate "2025.06.07"]

1. e4 {[%clk 01:30:57]} e5 {[%clk 01:30:39]} 2. Qh5 {[%clk 01:30:33]} Nc6
{[%clk 01:24:56]} 3. Bc4 {[%clk 01:28:50]} {[%emt 00:00:02]} Qe7 {[%clk
01:24:44]} {[%emt 00:00:13]} 4. Ne2 {[%clk 01:28:37]} {[%emt 00:00:43]} Nf6
{[%clk 01:24:18]} {[%emt 00:00:56]} 5. Qf3 {[%clk 01:27:44]} {[%emt 00:01:23]}
d6 {[%clk 01:19:18]} {[%emt 00:05:29]} 6. d3 {[%clk 01:25:59]} {[%emt
00:02:16]} Bg4 {[%clk 01:10:22]} {[%emt 00:09:27]} 7. Qe3 {[%clk 01:25:36]}
{[%emt 00:00:52]} Na5 {[%clk 01:05:51]} {[%emt 00:05:01]} 8. Nbc3 {[%clk
01:24:37]} {[%emt 00:01:30]} Nxc4 {[%clk 01:04:01]} {[%emt 00:02:20]} 9. dxc4
{[%clk 01:24:54]} {[%emt 00:00:13]} Be6 {[%clk 00:57:44]} {[%emt 00:06:48]} 10.
b3 {[%clk 01:23:48]} {[%emt 00:01:35]} g6 {[%clk 00:48:48]} {[%emt 00:09:26]}
11. f3 {[%clk 01:18:40]} {[%emt 00:05:38]} h5 {[%clk 00:46:19]} {[%emt
00:02:59]} 12. Qd3 {[%clk 01:12:18]} {[%emt 00:06:52]} Nd7 {[%clk 00:41:56]}
{[%emt 00:04:54]} 13. Nd5 {[%clk 01:02:05]} {[%emt 00:10:42]} Bxd5 {[%clk
00:40:44]} {[%emt 00:01:42]} 14. Qxd5 {[%clk 00:56:33]} {[%emt 00:06:02]} O-O-O
{[%clk 00:38:44]} {[%emt 00:02:31]} 15. Be3 {[%clk 00:54:18]} {[%emt 00:02:45]}
a6 {[%clk 00:35:00]} {[%emt 00:04:14]} 16. Qa5 {[%clk 00:42:46]} {[%emt
00:12:02]} Bh6 {[%clk 00:32:43]} {[%emt 00:02:46]} 17. Bf2 {[%clk 00:37:49]}
{[%emt 00:05:27]} Qg5 {[%clk 00:30:02]} {[%emt 00:03:12]} 18. O-O {[%clk
00:28:40]} {[%emt 00:09:39]} Qd2 {[%clk 00:29:26]} {[%emt 00:01:05]} 19. Nc3
{[%clk 00:27:35]} {[%emt 00:01:36]} Be3 {[%clk 00:27:32]} {[%emt 00:02:23]} 20.
Rad1 {[%clk 00:25:16]} {[%emt 00:02:49]} Bxf2+ {[%clk 00:27:55]} {[%emt
00:00:07]} 21. Rxf2 {[%clk 00:25:38]} {[%emt 00:00:08]} Qe3 {[%clk 00:27:59]}
{[%emt 00:00:26]} 22. Nd5 {[%clk 00:20:44]} {[%emt 00:05:24]} Qc5 {[%clk
00:28:24]} {[%emt 00:00:06]} 23. Qc3 {[%clk 00:19:34]} {[%emt 00:01:39]} Rde8
{[%clk 00:23:20]} {[%emt 00:05:35]} 24. b4 {[%clk 00:19:06]} {[%emt 00:00:58]}
Qc6 {[%clk 00:23:22]} {[%emt 00:00:27]} 25. Rb1 {[%clk 00:16:20]} {[%emt
00:03:16]} Nb6 {[%clk 00:20:04]} {[%emt 00:03:49]} 26. b5 {[%clk 00:16:40]}
{[%emt 00:00:10]} axb5 {[%clk 00:17:37]} {[%emt 00:02:57]} 27. Nxb6+ {[%clk
00:13:16]} {[%emt 00:03:54]} cxb6 {[%emt 00:00:31]} 28. Rxb5 {[%clk 00:13:27]}
Kc7 {[%clk 00:18:10]} {[%emt 00:00:15]} 29. Rf1 {[%clk 00:12:55]} {[%emt
00:01:01]} Ra8 {[%clk 00:18:06]} {[%emt 00:00:33]} 30. Rfb1 {[%clk 00:12:49]}
{[%emt 00:00:37]} Ra6 {[%clk 00:05:03]} {[%emt 00:13:34]} 31. Qb3 {[%clk
00:13:03]} {[%emt 00:00:16]} Rf8 {[%clk 00:03:51]} {[%emt 00:01:41]} 32. a4
{[%clk 00:13:10]} {[%emt 00:00:23]} f5 {[%clk 00:02:45]} {[%emt 00:01:37]} 33.
exf5 {[%clk 00:11:46]} {[%emt 00:01:55]} Rxf5 {[%clk 00:03:11]} {[%emt
00:00:03]} 34. a5 {[%clk 00:11:06]} {[%emt 00:01:10]} e4 {[%clk 00:01:52]}
{[%emt 00:01:48]} 35. axb6+ {[%clk 00:06:20]} {[%emt 00:05:16]} Kd7 {[%clk
00:02:07]} {[%emt 00:00:15]} 36. fxe4 {[%clk 00:02:09]} {[%emt 00:04:41]} Qxe4
{[%clk 00:01:59]} {[%emt 00:00:39]} 37. Rxf5 {[%clk 00:02:08]} {[%emt
00:00:31]} Qxf5 {[%clk 00:01:47]} {[%emt 00:00:42]} 38. Qb5+ {[%clk 00:01:46]}
{[%emt 00:00:52]} Qxb5 {[%clk 00:02:11]} {[%emt 00:00:05]} 39. Rxb5 {[%clk
00:02:10]} {[%emt 00:00:06]} Kc6 {[%clk 00:01:48]} {[%emt 00:00:53]} 40. Rg5
{[%clk 00:01:05]} {[%emt 00:01:35]} Rxb6 {[%clk 00:01:57]} {[%emt 00:00:22]}
41. Rxg6 {[%clk 00:29:31]} {[%emt 00:02:04]} Rb2 {[%clk 00:28:12]} {[%emt
00:04:14]} 42. c3 {[%clk 00:26:13]} {[%emt 00:03:48]} Rc2 {[%clk 00:28:08]}
{[%emt 00:00:34]} 43. Rg3 {[%clk 00:20:47]} {[%emt 00:05:55]} Kc5 {[%clk
00:26:09]} {[%emt 00:02:31]} 44. Rd3 {[%clk 00:17:45]} {[%emt 00:03:31]} Kxc4
{[%clk 00:20:20]} {[%emt 00:06:19]} 45. Rxd6 {[%clk 00:17:47]} {[%emt
00:00:28]} Rxc3 {[%clk 00:19:21]} {[%emt 00:01:29]} 46. Rh6 {[%clk 00:15:18]}
{[%emt 00:02:58]} Rc1+ {[%clk 00:18:01]} {[%emt 00:01:51]} 47. Kf2 {[%clk
00:15:30]} {[%emt 00:00:18]} Rc2+ {[%clk 00:18:16]} {[%emt 00:00:15]} 48. Kg3
{[%clk 00:14:58]} {[%emt 00:01:02]} Rc3+ {[%clk 00:18:26]} {[%emt 00:00:21]}
49. Kh4 {[%clk 00:13:36]} {[%emt 00:01:52]} Rc2 {[%clk 00:18:46]} {[%emt
00:00:10]} 50. Kh3 {[%clk 00:09:13]} {[%emt 00:04:53]} Rc3+ {[%clk 00:16:01]}
{[%emt 00:03:14]} 51. g3 {[%clk 00:09:22]} {[%emt 00:00:21]} b5 {[%clk
00:16:27]} {[%emt 00:00:04]} 52. Rxh5 {[%clk 00:09:27]} {[%emt 00:00:25]} b4
{[%clk 00:16:25]} {[%emt 00:00:32]} 53. Rh8 {[%clk 00:08:48]} {[%emt 00:01:10]}
b3 {[%clk 00:14:50]} {[%emt 00:02:04]} 54. Rb8 {[%clk 00:09:05]} {[%emt
00:00:13]} Rd3 {[%clk 00:14:33]} {[%emt 00:00:47]} 55. Kg4 {[%clk 00:08:32]}
{[%emt 00:01:03]} Kc3 {[%clk 00:14:18]} {[%emt 00:00:46]} 56. h4 {[%clk
00:07:55]} {[%emt 00:01:06]} b2 {[%clk 00:14:02]} {[%emt 00:00:47]} 57. Rc8+
{[%clk 00:05:08]} {[%emt 00:03:16]} Kd2 {[%clk 00:13:57]} {[%emt 00:00:35]} 58.
Rb8 {[%clk 00:05:33]} {[%emt 00:00:04]} Kc2 {[%clk 00:13:33]} {[%emt 00:00:53]}
59. h5 {[%clk 00:05:41]} {[%emt 00:00:23]} Rb3 {[%clk 00:09:18]} {[%emt
00:04:46]} 60. Rc8+ {[%clk 00:06:09]} {[%emt 00:00:02]} Kd2 {[%clk 00:09:22]}
{[%emt 00:00:26]} 61. Rd8+ {[%clk 00:06:32]} {[%emt 00:00:07]} Ke2 {[%clk
00:09:41]} {[%emt 00:00:11]} 62. Re8+ {[%clk 00:06:59]} {[%emt 00:00:04]} Kf2
{[%clk 00:09:52]} {[%emt 00:00:18]} 63. Rf8+ {[%clk 00:07:15]} {[%emt
00:00:15]} Kg2 {[%clk 00:10:09]} {[%emt 00:00:11]} 64. Re8 {[%clk 00:04:47]}
{[%emt 00:02:59]} b1=Q {[%clk 00:09:51]} {[%emt 00:00:48]} 65. Re2+ {[%clk
00:04:53]} {[%emt 00:00:24]} Kf1 {[%clk 00:09:37]} {[%emt 00:00:43]} 66. Rh2
{[%clk 00:04:56]} {[%emt 00:00:27]} Qe4+ {[%clk 00:09:39]} {[%emt 00:00:27]}
67. Kh3 {[%clk 00:04:59]} {[%emt 00:00:29]} Qf5+ {[%clk 00:09:50]} {[%emt
00:00:19]} 68. Kh4 {[%clk 00:05:23]} {[%emt 00:00:07]} Rb4+ {[%clk 00:10:13]}
{[%emt 00:00:06]} 0-1